Optimalizácia využitia CNC techniky pri výrobe súčiastok pre špeciálne priemyselné plynomery : Diplomová práca

Enregistré dans:
Détails bibliographiques
Auteur principal: Hudcovicová, Alena (Auteur)
Autres auteurs: Medňanská, Anna (xxx)
Format: Manuscrit Livre
Langue:slovaque
Publié: Trnava : STU v Bratislave MtF KOM, 1998
Sujets:
Tags: Ajouter un tag
Pas de tags, Soyez le premier à ajouter un tag!

MARC

LEADER 00000ntm a22000003a 4500
001 stu78957
005 20160719155014.7
008 030207s1998----xo------------------slo-d
040 |a STU  |b slo 
041 0 |a slo 
044 |a xo 
100 1 |a Hudcovicová, Alena  |4 aut 
245 1 |a Optimalizácia využitia CNC techniky pri výrobe súčiastok pre špeciálne priemyselné plynomery :  |b Diplomová práca 
260 |a Trnava :  |b STU v Bratislave MtF KOM,  |c 1998 
300 |a 62 s  |c abstr. + príl. 
650 7 |a výroba súčiastok  |2 stusub 
650 7 |a priemyselné plynomery  |2 stusub 
650 7 |a strojárske technológie  |2 stusub 
700 1 |a Medňanská, Anna  |4 xxx 
996 |b 284M037089  |c M*DP-1789  |l MMSKP  |s P  |a 0  |w stu78957_0001